| 000 | 00376nam a22001457a 4500 | ||
|---|---|---|---|
| 020 | _a0471311227 | ||
| 040 | _cNUST | ||
| 082 |
_a621.433 _bBAT'F |
||
| 100 |
_aWilliam W. Bathie _9127239 |
||
| 245 | _aFundamentals of Gas Turbines | ||
| 250 | _aSecond Edition | ||
| 260 |
_aNew York: _bJohn Wiley & Sons, _c1996. |
||
| 650 | _2Fundamentals of Gas Turbines | ||
| 942 |
_2ddc _cBK |
||
| 999 |
_c612436 _d612436 |
||